Effect of combined chemotherapy tested in partially hepatectomized rats bearing Zajdela hepatoma

Bibliographic Details
Main Authors: Balážová, E. (Author), Tkáčová, E. (Author), Drobník, J. (Author), Kužela, Štefan, 1943-1994 (Author), Ujházy, Viliam, 1926-2023 (Author)
Format: Article
Language:English

MARC

LEADER 00000nab a2200000ua 4500
001 vtls010830985
003 SK-MaSNL
005 20260303185936.0
008 230222s1983 xo |||||||||||||||||eng|
035 |a (urnnbn)urn:nbn:sk:snk:ar-a06htz 
035 |a urn:nbn:sk:snk-ab5vzc 
035 |a (uuid)a1292aae-2322-4f2a-af0a-25aa7cbc9ea2 
040 |a SNKBUCL  |b slo  |c SNKBUCL  |e AACR2 
041 0 |a eng 
044 |a xo  |c SK 
100 1 |a Balážová, E.  |4 aut  |9 630189 
245 1 0 |a Effect of combined chemotherapy tested in partially hepatectomized rats bearing Zajdela hepatoma  |c E. Balážová, E. Tkáčová, J. Drobník, Š. Kužela, V. Ujházy 
700 1 |a Tkáčová, E.  |4 aut  |9 850388 
700 1 |a Drobník, J.  |4 aut  |9 931406 
700 1 |a Kužela, Štefan,  |d 1943-1994  |4 aut  |9 205503 
700 1 |a Ujházy, Viliam,  |d 1926-2023  |4 aut  |9 39636 
773 0 |t Neoplasma : journal of experimental and clinical oncology  |g Roč. 30, č. 6 (1983), s. 643-649 
958 |a OND 
958 |a EUIPO 
958 |a article5 
999 |c 2133809  |d 2135739